Los derechos humanos de los pueblos indígenas y los escenarios del conflicto armado colombiano / (Record no. 196194)
[ view plain ]
| 000 -LEADER | |
|---|---|
| campo de control de longitud fija | 02259nam a2200373 i 4500 |
| 001 - NÚMERO DE CONTROL | |
| campo de control | 196194 |
| 003 - IDENTIFICADOR DE NÚMERO DE CONTROL | |
| campo de control | ES-MaACL |
| 005 - FECHA Y HORA DE LA ÚLTIMA TRANSACCIÓN | |
| campo de control | 20250809052538.0 |
| 008 - DATOS DE LONGITUD FIJA--INFORMACIÓN GENERAL | |
| campo de control de longitud fija | 240817s2022 sp | |||| 000 spa |
| 015 ## - NÚMERO DE BIBLIOGRAFÍA NACIONAL | |
| Número de bibliografía nacional | MON23 |
| 017 ## - NÚMERO DE COPYRIGHT O DE DEPÓSITO LEGAL | |
| Número de copyright o de depósito legal | M 30859-2022 |
| Agencia que asigna | Oficina Depósito Legal Madrid |
| 020 ## - NÚMERO INTERNACIONAL ESTÁNDAR DEL LIBRO | |
| Número Internacional Estándar del Libro | 9788494309786 |
| 035 ## - NÚMERO DE CONTROL DEL SISTEMA | |
| Número de control de sistema | (SpMaBN)a7354749 |
| 035 ## - NÚMERO DE CONTROL DEL SISTEMA | |
| Número de control de sistema | 991051800569708606 |
| 040 ## - FUENTE DE CATALOGACIÓN | |
| Centro catalogador/agencia de origen | SpMaBN |
| Lengua de catalogación | spa |
| Centro/agencia transcriptor | SpMaBN |
| Normas de descripción | rda |
| 100 ## - ENTRADA PRINCIPAL--NOMBRE DE PERSONA | |
| Nombre de persona | Araque Vargas, Fabio Enrique |
| 9 (RLIN) | 238482 |
| Término indicativo de función/relación | Autor |
| 245 ## - MENCIÓN DEL TÍTULO | |
| Título | Los derechos humanos de los pueblos indígenas y los escenarios del conflicto armado colombiano / |
| Mención de responsabilidad, etc. | Fabio Enrique Araque Vargas . |
| 260 ## - PUBLICACIÓN, DISTRIBUCIÓN, ETC. | |
| Lugar de publicación, distribución, etc. | [Madrid] : |
| Nombre del editor, distribuidor, etc. | Berg Institute, |
| Fecha de publicación, distribución, etc. | 2022. |
| 300 ## - DESCRIPCIÓN FÍSICA | |
| Extensión | 382 pág. : |
| Dimensiones | 24 cm. |
| 336 ## - TIPO DE CONTENIDO | |
| Término de tipo de contenido | Texto |
| Fuente | rdacontent |
| 337 ## - TIPO DE MEDIO | |
| Nombre/término del tipo de medio | sin mediación |
| Fuente | rdamedia |
| 338 ## - TIPO DE SOPORTE | |
| Nombre/término del tipo de soporte | volumen |
| Fuente | rdacarrier |
| 490 1# - MENCIÓN DE SERIE | |
| Mención de serie | Biblioteca de derechos humanos ; |
| Designación de volumen o secuencia | 7 |
| 500 ## - NOTA GENERAL | |
| Nota general | Texto en español y fragmentos en una lengua indígena de Colombia |
| 520 ## - RESUMEN, ETC. | |
| Sumario, etc. | Los pueblos y las comunidades indígenas y afrocolombianas han visto que sus territorios han sido usados, controlados, usurpados y expropiados para distintos fines. La guerra librada por el control territorial ha impedido que estas comunidades puedan ejercer la autonomía consagrada constitucionalmente y practicada ancestralmente ... la paz no debe ser entendida como la ausencia de conflictos sino como la posibilidad de tramitarlos pacíficamente, la Corte encuentra que el derecho humanitario, antes que legitimar la guerra, busca garantizar que las partes en contienda adopten las medidas para proteger a la persona humana, y en esa medida contribuyen además a fortalecer el camino hacia la paz, que en la Constitución colombiana es un derecho y un deber de obligatorio cumplimiento. |
| 650 #7 - PUNTO DE ACCESO ADICIONAL DE MATERIA--TÉRMINO DE MATERIA | |
| 9 (RLIN) | 146702 |
| Término de materia o nombre geográfico como elemento de entrada | Pueblos indígenas- |
| Subdivisión geográfica | América |
| 651 #7 - PUNTO DE ACCESO ADICIONAL DE MATERIA--NOMBRE GEOGRÁFICO | |
| 9 (RLIN) | 145305 |
| Nombre geográfico | Colombia- |
| Subdivisión general | Situación social |
| 830 #0 - PUNTO DE ACCESO ADICIONAL DE SERIE-TÍTULO UNIFORME | |
| Título uniforme | Biblioteca de derechos humanos |
| Designación de volumen o secuencia | 7 |
| 9 (RLIN) | 240259 |
| 852 ## - LOCALIZACIÓN | |
| Ubicación | ES-MaACL |
| Sublocalización o colección | R.154531 |
| Ubicación en estantería | Depósito J |
| Número de control de estantería | N-9269 |
| Donativo/Legado | Donación: Editorial |
| Encuadernación | Encuadernación rústica |
| itemnumber | 205284 |
| 942 ## - ELEMENTOS DE ENTRADA SECUNDARIOS (KOHA) | |
| Tipo de ítem Koha | Libro impreso |
| Suprimir en OPAC | No |
| Estatus retirado | Estado de pérdida | Fuente del sistema de clasificación o colocación | Estado de daño | No para préstamo | Biblioteca de origen | Biblioteca actual | Ubicación en estantería | Fecha de adquisición | Fuente de adquisición | Total de préstamos | Signatura topográfica completa | Código de barras | Visto por última vez | Precio de reemplazo | Tipo de ítem Koha |
|---|---|---|---|---|---|---|---|---|---|---|---|---|---|---|---|
| Clasificación decimal universal | Biblioteca del Ateneo de Madrid | Biblioteca del Ateneo de Madrid | Depósito J | 08/05/2025 | Donación | N-9269 | 101229995 | 08/05/2025 | 08/05/2025 | Libro impreso |
